Statistics for Largest airlines

Click here to take the quiz!

General Stats

  • This quiz has been taken 21 times
  • The average score is 24 of 32

Answer Stats

Answer% Correct
Englandbritish airways
95%
UAEEmirates
95%
CanadaAir canada
90%
franceair france
90%
AmericaDelta
90%
australiaqantas
90%
singaporesingapore
86%
chinaair china
81%
alaska[lol]alaska
81%
spainiberia
81%
AmericaUnited
81%
russiaaeroflot
76%
isrealel al
76%
UAEetihad
76%
icelandiceland
76%
germanylufthansa
76%
irelandryanair
76%
italyalitalia
71%
AmericaAmerican
71%
englandeasyjet
71%
chilelatam
71%
QatarQatar
71%
portugalTap
71%
thailandthai
71%
irelandaer lingus
67%
colombiaavianca
67%
mexicoaeromexico
62%
saudi arabiasaudia
62%
brazilgol
57%
malaysiaairasia
52%
omanoman air
52%
canadawestjet
52%

Score Distribution

Percentile by Number Answered

Percent of People with Each Score

Your Score History

You have not taken this quiz